000
00309nam a22001457a 4500
008
210225b ||||| |||| 00| 0 eng d
020
_a
1857091302
041
_a
eng
080
_a
7
082
_a
7
100
_a
44
101
_a
ART
245
_a
Degas beyond Impressionism
_c
Kendall, R
942
_2
udc
_c
BK
999
_c
55244
_d
55244